[Event "NED-ch Women 2018"]
[Site "Amsterdam"]
[Date "2018.07.07"]
[Round "4"]
[White "De Mie, Mariska de"]
[Black "Peng, Zhaoqin"]
[Result "0-1"]
[WhiteElo "2193"]
[BlackElo "2352"]
[Annotator "TA"]
[PlyCount "86"]
[EventDate "2018.07.02"]
[EventType "tourn"]
[EventCountry "NED"]
[SourceTitle "playchess.com"]
[Source "ChessBase"]
[SourceQuality "1"]

{[%evp 21,86,21,17,0,0,0,0,13,26,0,0,-7,7,5,0,7,44,44,44,44,44,46,39,38,34,29,37,29,35,29,18,0,0,0,10,17,10,12,28,0,0,0,14,-460,-455,-468,-446,-463,-449,-1005,-879,-1046,-1028,-976,-956,-1045,-804,-1579,-1578,-2101,-1872,-12836,-12835,-5709,-6610,-2146,-1926]} 1. e4 c5 2. Nf3 Nc6 3. d4 cxd4 4. Nxd4 e5 5. Nb5 {[%cal Bd4b5,Bb5a3,Ba3c4][%mdl 32]} d6 6. a4 Be6 7. N1c3 a6 8. Na3 Nf6 9. Bg5 Rc8 10. Nc4 Nd4 11. Ne3 Be7 {LiveBook: 3 Games. B33: Sicilian: Pelikan and Sveshnikov Variations} 12. Bxf6 (12. Bd3 h6 13. Bxf6 Bxf6 14. Ncd5 Bg5 15. O-O O-O 16. c3 Nc6 17. Bc4 Kh8 18. Kh1 Ne7 19. Qd3 Nxd5 20. Nxd5 {½-½ (55) Varga,Z (2533)-Cao,S (2531) Heviz 2003}) 12... Bxf6 ({Of course not} 12... gxf6 $6 13. Bd3 $16) 13. Bd3 Bg5 {The position is equal.} 14. Ncd5 Bxe3 15. fxe3 Nc6 16. O-O Qh4 $146 ({Predecessor:} 16... Ne7 17. Qf3 O-O 18. a5 Bxd5 19. exd5 {1-0 (32) Krause,B-Gerigk,E Kehl 1989}) 17. a5 O-O 18. c4 Bxd5 19. exd5 Ne7 20. e4 f5 21. Qe1 Qxe1 22. Raxe1 {[%cal Re4f5]} g6 23. Rc1 fxe4 24. Bxe4 Nf5 25. b4 Nd4 {[#] ...Ne2+ is the strong threat.} 26. Rfe1 Kf7 27. Bd3 Ke7 28. Rf1 Nb3 29. Rxf8 Rxf8 30. Rf1 (30. Rb1 $5 {[%cal Rb1b3]} Nd4 31. Rf1 $11) 30... Rxf1+ 31. Bxf1 $11 {[%mdl 4096] Endgame KB-KN} Nc1 32. b5 $2 {[%mdl 8192]} (32. Kf2 $11 {and White has nothing to worry.}) 32... Nb3 $19 {Black is clearly winning.} 33. bxa6 bxa6 34. Kf2 Nxa5 35. Ke3 (35. c5 $142 dxc5 36. Bxa6) 35... Nb3 36. Bd3 a5 {[%cal Ba6a5,Ba5a4,Ba4a3][%mdl 32]} 37. Bc2 Nc5 38. h4 Kf6 39. g4 h6 40. Kf3 g5 41. h5 a4 42. Ke3 a3 {[#] ( -> ...a2)} 43. Bb1 Nb3 {Precision: White = 30%, Black = 76%.} 0-1

[Event "NED-ch Women 2018"]
[Site "Amsterdam"]
[Date "2018.07.07"]
[Round "5"]
[White "Peng, Zhaoqin"]
[Black "Lanchava, Tea"]
[Result "1-0"]
[WhiteElo "2352"]
[BlackElo "2310"]
[Annotator "ChessBase"]
[PlyCount "145"]
[EventDate "2018.07.02"]
[EventType "tourn"]
[EventCountry "NED"]
[SourceTitle "playchess.com"]
[Source "ChessBase"]
[SourceQuality "1"]
[TimeControl "40/5400+30:1800+30"]

1. d4 {[%emt 0:00:00]} d6 {[%emt 0:00:00]} 2. c4 {[%emt 0:00:00]} Nf6 {[%emt 0:00:36]} 3. Nc3 {[%emt 0:00:05]} Nbd7 {[%emt 0:00:22]} 4. e4 {[%emt 0:00:57]} c6 {[%emt 0:00:17]} 5. Nf3 {[%emt 0:02:12]} e5 {[%emt 0:00:26]} 6. Be2 {[%emt 0:00:14]} g6 {[%emt 0:00:19]} 7. O-O {[%emt 0:01:12]} Bg7 {[%emt 0:00:15]} 8. Be3 {[%emt 0:03:55]} O-O {[%emt 0:01:23]} 9. d5 {[%emt 0:00:09]} c5 {[%emt 0:00:09]} 10. Nd2 {[%emt 0:01:39]} h6 {[%emt 0:03:34]} 11. Qc2 {[%emt 0:10:04]} Nh7 {[%emt 0:01:40]} 12. Kh1 {[%emt 0:04:47]} a6 {[%emt 0:02:49]} 13. a3 {[%emt 0:01:13]} f5 {[%emt 0:01:31]} 14. exf5 {[%emt 0:00:56]} gxf5 {[%emt 0:00:28]} 15. f4 {[%emt 0:00:01]} b6 {[%emt 0:07:26]} 16. Rae1 {[%emt 0:02:22]} Qf6 {[%emt 0:03:12]} 17. fxe5 {[%emt 0:03:26]} Nxe5 {[%emt 0:04:23]} 18. Nf3 {[%emt 0:13:57]} Ng6 {[%emt 0:04:27]} 19. Bd3 {[%emt 0:00:35]} Bd7 {[%emt 0:01:05]} 20. g4 {[%emt 0:01:18]} Rae8 {[%emt 0:20:19]} 21. gxf5 {[%emt 0:23:00]} Bxf5 {[%emt 0:01:05]} 22. Nd2 {[%emt 0:04:23]} Bxd3 {[%emt 0:07:46]} 23. Qxd3 {[%emt 0:00:02]} Nf4 {[%emt 0:00:21]} 24. Bxf4 {[%emt 0:02:26]} Rxe1 {[%emt 0:00:26]} 25. Rxe1 {[%emt 0:00:03]} Qxf4 {[%emt 0:00:15]} 26. Rf1 {[%emt 0:04:02]} Qh4 {[%emt 0:02:00]} 27. Rxf8+ {[%emt 0:00:39]} Nxf8 {[%emt 0:00:29]} 28. Nf3 {[%emt 0:02:24]} Qf4 {[%emt 0:00:59]} 29. Ne2 {[%emt 0:00:51]} Qf6 {[%emt 0:01:09]} 30. Ng3 {[%emt 0:04:04]} Qxb2 {[%emt 0:05:52]} 31. Nf5 {[%emt 0:00:10]} Qc1+ {[%emt 0:02:33]} 32. Kg2 {[%emt 0:00:21]} Qf4 {[%emt 0:03:43]} 33. Ne7+ {[%emt 0:05:02]} Kf7 {[%emt 0:01:09]} 34. Qf5+ {[%emt 0:00:13]} Qxf5 {[%emt 0:00:27]} 35. Nxf5 {[%emt 0:00:01]} Nd7 {[%emt 0:08:19]} 36. Nxd6+ {[%emt 0:00:23]} Kg6 {[%emt 0:01:04]} 37. a4 {[%emt 0:00:17]} Bf8 {[%emt 0:00:35]} 38. Ne4 {[%emt 0:03:51]} Kf5 {[%emt 0:01:02]} 39. Ng3+ {[%emt 0:04:57]} Kf4 {[%emt 0:00:24]} 40. Kf2 {[%emt 0:00:39]} Nf6 {[%emt 0:00:29]} 41. Ke2 {[%emt 0:07:06]} h5 {[%emt 0:03:53]} 42. Nf1 {[%emt 0:12:35]} Ne4 {[%emt 0:03:48]} 43. Nh4 {[%emt 0:01:00]} Bd6 {[%emt 0:01:22]} 44. Ng2+ {[%emt 0:01:35]} Kg4 {[%emt 0:00:25]} 45. Nge3+ {[%emt 0:01:08]} Kg5 {[%emt 0:07:23]} 46. Kd3 {[%emt 0:00:56]} Nf6 {[%emt 0:01:58]} 47. h3 {[%emt 0:03:24]} Kf4 {[%emt 0:03:38]} 48. Ng2+ {[%emt 0:00:19]} Kf3 {[%emt 0:00:55]} 49. Nh4+ {[%emt 0:00:11]} Kf2 {[%emt 0:07:13]} 50. Nd2 {[%emt 0:00:42]} Bb8 {[%emt 0:03:26]} 51. Ne4+ {[%emt 0:02:15]} Nxe4 {[%emt 0:00:08]} 52. Kxe4 {[%emt 0:00:01]} Kg3 {[%emt 0:00:13]} 53. Nf5+ {[%emt 0:00:48]} Kxh3 {[%emt 0:00:30]} 54. Kf3 {[%emt 0:00:34]} Kh2 {[%emt 0:04:38]} 55. d6 {[%emt 0:00:47]} Kg1 {[%emt 0:00:17]} 56. d7 {[%emt 0:00:31]} Bc7 {[%emt 0:00:05]} 57. Ng7 {[%emt 0:00:22]} h4 {[%emt 0:04:00]} 58. Kg4 {[%emt 0:01:20]} b5 {[%emt 0:01:00]} 59. Ne6 {[%emt 0:00:53]} Ba5 {[%emt 0:00:17]} 60. axb5 {[%emt 0:00:22]} axb5 {[%emt 0:00:06]} 61. cxb5 {[%emt 0:00:01]} c4 {[%emt 0:00:24]} 62. d8=Q {[%emt 0:03:46]} Bxd8 {[%emt 0:00:10]} 63. Nxd8 {[%emt 0:00:01]} c3 {[%emt 0:00:01]} 64. Ne6 {[%emt 0:00:18]} Kh2 {[%emt 0:07:12]} 65. Nd4 {[%emt 0:00:51]} h3 {[%emt 0:00:11]} 66. b6 {[%emt 0:01:33]} Kg2 {[%emt 0:00:05]} 67. b7 {[%emt 0:00:22]} h2 {[%emt 0:00:15]} 68. b8=Q {[%emt 0:00:06]} h1=Q {[%emt 0:00:05]} 69. Qg3+ {[%emt 0:00:52]} Kf1 {[%emt 0:00:07]} 70. Qd3+ {[%emt 0:00:13]} Kg1 {[%emt 0:02:17]} 71. Qe3+ {[%emt 0:00:51]} Kg2 {[%emt 0:00:38]} 72. Qf3+ {[%emt 0:00:37]} Kh2 {[%emt 0:00:13]} 73. Qg3# {[%emt 0:00:35]} 1-0

[Event "NED-ch Women 2018"]
[Site "Amsterdam"]
[Date "2018.07.08"]
[Round "5"]
[White "Peng, Zhaoqin"]
[Black "Lanchava, Tea"]
[Result "1-0"]
[WhiteElo "2352"]
[BlackElo "2310"]
[Annotator "TA"]
[PlyCount "145"]
[EventDate "2018.07.02"]
[EventType "tourn"]
[EventCountry "NED"]
[SourceTitle "playchess.com"]
[Source "ChessBase"]
[SourceQuality "1"]

{[%evp 18,144,97,62,95,69,79,66,102,80,115,116,121,67,79,57,164,66,83,46,104,99,112,60,73,36,27,0,19,18,26,0,0,0,0,-4,0,0,0,-11,-7,-11,-9,-16,-16,-35,-8,-8,-8,-8,-8,-8,-8,-8,-8,-8,-5,-5,-6,-17,-21,-18,-16,-17,-15,-15,0,-14,-8,-8,-8,-8,-8,-8,-8,-8,-8,-8,0,0,0,0,8,8,29,8,8,8,8,8,8,8,106,107,108,108,110,103,116,8,29976,29976,29977,29978,29978,29979,29979,29980,29980,29981,29981,29982,29986,29987,29987,29988,29991,29992,29992,29993,29993,29994,29994,29995,29995,29996,29997,29998,29999]} 1. d4 d6 2. c4 Nf6 3. Nc3 Nbd7 4. e4 c6 5. Nf3 e5 6. Be2 g6 7. O-O Bg7 8. Be3 O-O 9. d5 c5 10. Nd2 {LiveBook: 24 Games} h6 {E94: King's Indian: Classical: 6 Be2 e5 7 0-0: Various Black 7th moves} (10... Ne8 11. Rb1 f5 12. f3 Bf6 13. Kh1 Bg5 14. Bxg5 Qxg5 15. exf5 gxf5 16. g3 Qh6 17. f4 Ng7 18. Qe1 {½-½ (43) Vypkhaniuk,I (2336)-Onischuk,V (2637) Zhitomir 2017}) 11. Qc2 $146 ({Predecessor:} 11. Rb1 h5 12. b4 cxb4 13. Rxb4 Ne8 14. Rb1 Bf6 15. Nb3 Bg5 16. Qd2 Bxe3 17. Qxe3 {1-0 (32) Summerscale,A (2434)-Kostic,M (2246) Halifax 2010}) 11... Nh7 12. Kh1 a6 {White is slightly better.} 13. a3 f5 14. exf5 gxf5 {Black wants to play ...f4.} 15. f4 (15. f3 $16) 15... b6 16. Rae1 Qf6 ({Black should try} 16... Ra7 $14) 17. fxe5 (17. g4 $18) 17... Nxe5 $14 18. Nf3 Ng6 ({Better is} 18... Nxf3 $14 19. Bxf3 (19. Rxf3 Ng5 $16) 19... Ng5) 19. Bd3 $16 Bd7 20. g4 (20. Bc1 $16) 20... Rae8 $14 21. gxf5 (21. Nd2 {looks sharper.} Nh4 22. Bf2 Rxe1 23. Bxe1 Qg5 24. Rg1) 21... Bxf5 22. Nd2 {[%cal Rd3f5]} (22. Ne4 {is interesting.} Qxb2 23. Qxb2 Bxb2 24. Bxh6 Bg7 25. Bxg7 Kxg7 26. Nxd6 Bxd3 27. Nxe8+ Rxe8 28. Rxe8 Bxf1 29. Nd2) 22... Bxd3 23. Qxd3 Nf4 24. Bxf4 Rxe1 25. Rxe1 Qxf4 26. Rf1 Qh4 27. Rxf8+ Nxf8 28. Nf3 Qf4 29. Ne2 Qf6 30. Ng3 Qxb2 {White must now prevent ...b5.} 31. Nf5 $1 Qc1+ 32. Kg2 Qf4 33. Ne7+ $1 Kf7 34. Qf5+ Qxf5 35. Nxf5 $11 {[%mdl 4096] Endgame KBN-KNN} Nd7 36. Nxd6+ Kg6 37. a4 Bf8 38. Ne4 Kf5 39. Ng3+ Kf4 40. Kf2 $1 Nf6 41. Ke2 $1 h5 42. Nf1 Ne4 43. Nh4 $1 {[%cal Rh4g6] aiming for Ng6+.} Bd6 {White should prevent ...Nc3+.} 44. Ng2+ Kg4 45. Nge3+ Kg5 {Threatening ...Nc3+.} 46. Kd3 Nf6 47. h3 Kf4 48. Ng2+ Kf3 49. Nh4+ $1 Kf2 50. Nd2 {Hoping for Ne4+.} Bb8 51. Ne4+ Nxe4 52. Kxe4 {KB-KN} Kg3 $1 {[%cal Rg3h4]} 53. Nf5+ Kxh3 54. Kf3 {And now d6 would win.} Kh2 (54... Be5 $1 $11) 55. d6 $1 $16 {[%cal Rd6d7][%mdl 1024] d7 is the strong threat. White has strong compensation.} Kg1 56. d7 Bc7 57. Ng7 $1 {[%cal Rg7e6] Threatening mate with Ne6.} h4 58. Kg4 (58. Ne6 $1 $16 {[%cal Re6c7]} h3 59. Nxc7) 58... b5 $2 {[%mdl 8192]} (58... Bd8 $11) 59. Ne6 {White mates.} Ba5 60. axb5 axb5 61. cxb5 c4 62. d8=Q Bxd8 63. Nxd8 {KN-KPP} c3 {[#]} 64. Ne6 $1 ({And not} 64. b6 c2 $11) 64... Kh2 65. Nd4 h3 66. b6 Kg2 {[#]} 67. b7 $1 h2 68. b8=Q h1=Q 69. Qg3+ Kf1 70. Qd3+ Kg1 71. Qe3+ Kg2 72. Qf3+ Kh2 73. Qg3# {Precision: White = 60%, Black = 41%.} 1-0

[Event "NED-ch Women 2018"]
[Site "Amsterdam"]
[Date "2018.07.07"]
[Round "5"]
[White "Paulet, Iozefina"]
[Black "Ratsma, Rosa"]
[Result "0-1"]
[WhiteElo "2286"]
[BlackElo "2265"]
[Annotator "ChessBase"]
[PlyCount "66"]
[EventDate "2018.07.02"]
[EventType "tourn"]
[EventCountry "NED"]
[SourceTitle "playchess.com"]
[Source "ChessBase"]
[SourceQuality "1"]
[TimeControl "40/5400+30:1800+30"]

1. e4 {[%emt 0:00:00]} c5 {[%emt 0:00:00]} 2. Nf3 {[%emt 0:00:00]} d6 {[%emt 0:00:00]} 3. Bb5+ {[%emt 0:00:00]} Nd7 {[%emt 0:00:03]} 4. O-O {[%emt 0:01:44]} a6 {[%emt 0:00:15]} 5. Bd3 {[%emt 0:00:11]} Ngf6 {[%emt 0:00:36]} 6. Re1 {[%emt 0:00:27]} b5 {[%emt 0:00:44]} 7. c3 {[%emt 0:00:05]} Bb7 {[%emt 0:00:35]} 8. Bc2 {[%emt 0:00:11]} e5 {[%emt 0:02:32]} 9. d4 {[%emt 0:01:03]} cxd4 {[%emt 0:00:23]} 10. cxd4 {[%emt 0:00:04]} Be7 {[%emt 0:00:16]} 11. d5 {[%emt 0:05:15]} O-O {[%emt 0:06:44]} 12. Nc3 {[%emt 0:00:53]} Qc7 {[%emt 0:02:51]} 13. a3 {[%emt 0:03:10]} Rfc8 {[%emt 0:02:05]} 14. Nh4 {[%emt 0:10:16]} g6 {[%emt 0:05:27]} 15. Bh6 {[%emt 0:14:35]} a5 {[%emt 0:10:22]} 16. Rc1 {[%emt 0:12:15]} b4 {[%emt 0:06:27]} 17. Ne2 {[%emt 0:00:53]} Ng4 {[%emt 0:06:10]} 18. Bd2 {[%emt 0:15:34]} Bxh4 {[%emt 0:14:14]} 19. Ng3 {[%emt 0:00:10]} h5 {[%emt 0:00:58]} 20. h3 {[%emt 0:03:13]} Ngf6 {[%emt 0:02:56]} 21. Nf5 gxf5 {[%emt 0:03:08]} 22. g3 {[%emt 0:14:08]} Kh8 {[%emt 0:06:19]} 23. Qf3 {[%emt 0:05:25]} f4 {[%emt 0:06:56]} 24. Bxf4 {[%emt 0:01:16]} Rg8 {[%emt 0:01:07]} 25. Be3 {[%emt 0:01:45]} Qd8 {[%emt 0:04:26]} 26. Ba4 {[%emt 0:00:13]} Nf8 {[%emt 0:02:27]} 27. Bc6 {[%emt 0:00:25]} Bxc6 {[%emt 0:01:34]} 28. Rxc6 {[%emt 0:02:12]} N8h7 {[%emt 0:03:03]} 29. Kh2 {[%emt 0:00:23]} Bg5 {[%emt 0:00:40]} 30. Bb6 {[%emt 0:00:20]} Qd7 {[%emt 0:01:35]} 31. Qd1 {[%emt 0:03:10]} Rab8 {[%emt 0:01:31]} 32. axb4 {[%emt 0:00:55]} axb4 {[%emt 0:00:31]} 33. Qa4 {[%emt 0:00:11]} Rxb6 {[%emt 0:00:14]} 0-1

[Event "NED-ch Women 2018"]
[Site "Amsterdam"]
[Date "2018.07.08"]
[Round "5"]
[White "Paulet, Iozefina"]
[Black "Ratsma, Rosa"]
[Result "0-1"]
[WhiteElo "2286"]
[BlackElo "2265"]
[Annotator "TA"]
[PlyCount "66"]
[EventDate "2018.07.02"]
[EventType "tourn"]
[EventCountry "NED"]
[SourceTitle "playchess.com"]
[Source "ChessBase"]
[SourceQuality "1"]

{[%evp 16,66,22,31,30,29,37,31,27,28,30,17,41,0,0,0,0,-18,-16,-417,-415,-444,-445,-443,-433,-433,-374,-616,-631,-645,-575,-647,-577,-845,-631,-641,-643,-641,-633,-658,-623,-675,-669,-705,-693,-671,-690,-835,-647,-761,-674,-1611,-1602]} 1. e4 c5 2. Nf3 d6 3. Bb5+ Nd7 4. O-O a6 5. Bd3 Ngf6 6. Re1 {B51: Sizilianisch (Rossolimo-Variante)} b5 7. c3 Bb7 8. Bc2 e5 (8... c4 9. a4 e6 10. axb5 axb5 11. Rxa8 Qxa8 12. Na3 Bxe4 13. Bxe4 Nxe4 {½-½ (35) Mamedov,R (2704)-Karjakin,S (2778) Shamkir 2018}) 9. d4 {LiveBook: 26 Partien} cxd4 10. cxd4 Be7 11. d5 O-O $146 ({Vorgänger:} 11... Rc8 12. Nbd2 Qc7 {½-½ (51) Perunovic,M (2418)-Vucinic,G (2310) Pozarevac 2013}) 12. Nc3 Qc7 13. a3 Rfc8 14. Nh4 g6 $1 15. Bh6 a5 {[#] Weiss muss nun ...b4 beachten.} 16. Rc1 b4 17. Ne2 $2 {[%mdl 8192]} (17. Na4 $11) 17... Ng4 $19 18. Bd2 Bxh4 19. Ng3 h5 20. h3 Ngf6 ({Schwächer ist} 20... Bxg3 21. hxg4 Bf4 22. gxh5 $19) 21. Nf5 $2 (21. Nf1 Nh7 22. axb4) 21... gxf5 {Schwarz steht klar auf Gewinn.} 22. g3 Kh8 23. Qf3 f4 24. Bxf4 Rg8 25. Be3 Qd8 26. Ba4 Nf8 27. Bc6 Bxc6 28. Rxc6 N8h7 29. Kh2 Bg5 30. Bb6 Qd7 31. Qd1 Rab8 32. axb4 axb4 33. Qa4 {[#]} Rxb6 $1 {Precision: Weiß = 35%, Schwarz = 88%.} 0-1

[Event "NED-ch Women 2018"]
[Site "Amsterdam"]
[Date "2018.07.07"]
[Round "5"]
[White "Hortensius, Lisa"]
[Black "De Mie, Mariska"]
[Result "1/2-1/2"]
[WhiteElo "2169"]
[BlackElo "2193"]
[Annotator "ChessBase"]
[PlyCount "181"]
[EventDate "2018.07.02"]
[EventType "tourn"]
[EventCountry "NED"]
[SourceTitle "playchess.com"]
[Source "ChessBase"]
[SourceQuality "1"]
[TimeControl "40/5400+30:1800+30"]

1. e4 {[%emt 0:00:00]} c5 {[%emt 0:00:00]} 2. Nf3 {[%emt 0:00:00]} e6 {[%emt 0:00:00]} 3. d4 {[%emt 0:00:07]} cxd4 {[%emt 0:00:00]} 4. Nxd4 {[%emt 0:00:06]} a6 {[%emt 0:00:00]} 5. Be2 {[%emt 0:00:50]} Nf6 {[%emt 0:06:20]} 6. Nc3 {[%emt 0:01:32]} Bb4 {[%emt 0:02:25]} 7. Qd3 {[%emt 0:02:40]} d5 {[%emt 0:09:33]} 8. exd5 {[%emt 0:06:31]} Nxd5 {[%emt 0:01:43]} 9. O-O {[%emt 0:07:56]} Nxc3 {[%emt 0:05:50]} 10. bxc3 {[%emt 0:00:17]} Be7 {[%emt 0:00:41]} 11. Qg3 {[%emt 0:16:10]} O-O {[%emt 0:01:36]} 12. Rd1 {[%emt 0:08:07]} Qa5 {[%emt 0:04:32]} 13. Bf4 {[%emt 0:12:13]} Nd7 {[%emt 0:05:19]} 14. a4 {[%emt 0:11:09]} Re8 {[%emt 0:12:39]} 15. Bf3 {[%emt 0:10:54]} Bf6 {[%emt 0:06:36]} 16. Bd2 {[%emt 0:04:01]} Ne5 {[%emt 0:03:09]} 17. Be4 {[%emt 0:02:13]} Nc4 {[%emt 0:06:01]} 18. Bxh7+ {[%emt 0:04:39]} Kxh7 {[%emt 0:09:14]} 19. Qd3+ {[%emt 0:00:10]} g6 {[%emt 0:03:13]} 20. Qxc4 {[%emt 0:00:13]} Kg7 {[%emt 0:02:00]} 21. Nb3 {[%emt 0:02:33]} Qh5 {[%emt 0:02:13]} 22. Bf4 {[%emt 0:01:26]} e5 {[%emt 0:02:55]} 23. Bg3 {[%emt 0:00:21]} Bf5 {[%emt 0:03:51]} 24. Nd2 {[%emt 0:04:18]} Rac8 {[%emt 0:03:26]} 25. Qb3 {[%emt 0:01:13]} Qe2 {[%emt 0:01:13]} 26. Qb1 {[%emt 0:02:29]} Rxc3 {[%emt 0:03:06]} 27. Nf1 {[%emt 0:00:31]} Bxc2 {[%emt 0:01:09]} 28. Re1 {[%emt 0:00:16]} Bxb1 {[%emt 0:00:58]} 29. Rxe2 {[%emt 0:00:04]} Bd3 {[%emt 0:00:19]} 30. Ree1 {[%emt 0:00:57]} b5 {[%emt 0:02:13]} 31. axb5 {[%emt 0:00:16]} axb5 {[%emt 0:00:01]} 32. Ne3 {[%emt 0:00:23]} Rd8 {[%emt 0:01:19]} 33. Ng4 {[%emt 0:00:54]} Rd5 {[%emt 0:00:56]} 34. Ra6 {[%emt 0:00:42]} Bg5 {[%emt 0:01:36]} 35. Bxe5+ {[%emt 0:00:20]} Rxe5 {[%emt 0:00:05]} 36. Nxe5 {[%emt 0:00:07]} Bf5 {[%emt 0:00:33]} 37. Rb6 {[%emt 0:01:05]} Rc5 {[%emt 0:00:58]} 38. Nf3 {[%emt 0:00:28]} Bf6 {[%emt 0:00:26]} 39. h3 {[%emt 0:00:36]} Bc3 {[%emt 0:00:21]} 40. Rc1 {[%emt 0:00:36]} b4 {[%emt 0:00:47]} 41. Nd2 {[%emt 0:10:37]} Re5 {[%emt 0:04:15]} 42. Nc4 {[%emt 0:07:43]} Re2 {[%emt 0:01:16]} 43. Ne3 {[%emt 0:03:17]} Be6 {[%emt 0:01:50]} 44. Rb1 {[%emt 0:04:07]} Ra2 {[%emt 0:03:30]} 45. R6xb4 {[%emt 0:02:29]} Bxb4 {[%emt 0:00:09]} 46. Rxb4 {[%emt 0:00:04]} Ra1+ {[%emt 0:00:17]} 47. Kh2 {[%emt 0:00:09]} Kf6 {[%emt 0:01:11]} 48. Kg3 {[%emt 0:01:23]} Ra5 {[%emt 0:00:27]} 49. Kf3 {[%emt 0:01:33]} Ra3 {[%emt 0:03:58]} 50. Rb5 {[%emt 0:01:59]} Ra4 {[%emt 0:02:36]} 51. Kg3 {[%emt 0:00:24]} Kg7 {[%emt 0:02:49]} 52. Nd5 {[%emt 0:01:02]} Ra3+ {[%emt 0:01:48]} 53. f3 {[%emt 0:00:18]} Bxd5 {[%emt 0:00:15]} 54. Rxd5 {[%emt 0:00:05]} Ra1 {[%emt 0:01:00]} 55. h4 {[%emt 0:00:54]} Kh6 {[%emt 0:01:44]} 56. Rd7 {[%emt 0:00:40]} Kg7 {[%emt 0:00:52]} 57. Kg4 {[%emt 0:01:00]} Ra4+ {[%emt 0:01:15]} 58. f4 {[%emt 0:00:34]} Ra2 {[%emt 0:00:58]} 59. g3 {[%emt 0:00:23]} Ra5 {[%emt 0:00:38]} 60. Re7 {[%emt 0:00:34]} Kf6 {[%emt 0:00:49]} 61. Re3 {[%emt 0:00:28]} Kg7 {[%emt 0:02:11]} 62. Re5 {[%emt 0:00:48]} Ra3 {[%emt 0:01:30]} 63. h5 {[%emt 0:00:28]} Ra6 {[%emt 0:01:41]} 64. hxg6 {[%emt 0:00:22]} Kxg6 {[%emt 0:00:59]} 65. Rg5+ {[%emt 0:00:49]} Kf6 {[%emt 0:00:34]} 66. Rf5+ {[%emt 0:00:13]} Kg6 {[%emt 0:00:09]} 67. Rb5 {[%emt 0:00:18]} Rc6 {[%emt 0:02:07]} 68. Rb3 {[%emt 0:00:47]} Kf6 {[%emt 0:00:52]} 69. Kf3 {[%emt 0:00:10]} Rc1 {[%emt 0:00:29]} 70. Rb6+ {[%emt 0:00:44]} Kg7 {[%emt 0:01:28]} 71. Kg4 {[%emt 0:00:23]} Rc5 {[%emt 0:01:35]} 72. f5 {[%emt 0:01:08]} f6 {[%emt 0:00:50]} 73. Rb4 {[%emt 0:00:29]} Rc7 {[%emt 0:00:12]} 74. Kh5 {[%emt 0:00:27]} Kf7 {[%emt 0:00:20]} 75. g4 {[%emt 0:00:27]} Ra7 {[%emt 0:00:15]} 76. g5 {[%emt 0:00:17]} fxg5 {[%emt 0:00:16]} 77. Kxg5 {[%emt 0:00:04]} Ra6 {[%emt 0:00:15]} 78. Rb7+ {[%emt 0:00:25]} Kf8 {[%emt 0:00:27]} 79. Rh7 {[%emt 0:00:46]} Rb6 {[%emt 0:00:16]} 80. Rh8+ {[%emt 0:00:34]} Kg7 {[%emt 0:00:12]} 81. Ra8 {[%emt 0:00:09]} Rc6 {[%emt 0:00:19]} 82. Ra7+ {[%emt 0:00:28]} Kf8 {[%emt 0:00:11]} 83. Rd7 {[%emt 0:00:33]} Ra6 {[%emt 0:00:05]} 84. Kf4 {[%emt 0:00:40]} Ra4+ {[%emt 0:00:27]} 85. Ke5 {[%emt 0:00:13]} Ra5+ {[%emt 0:00:15]} 86. Kf6 {[%emt 0:01:02]} Ra6+ {[%emt 0:00:04]} 87. Kg5 {[%emt 0:00:05]} Rb6 {[%emt 0:00:05]} 88. Ra7 {[%emt 0:00:26]} Rc6 {[%emt 0:00:23]} 89. f6 {[%emt 0:00:28]} Rc1 {[%emt 0:00:05]} 90. Kg6 {[%emt 0:00:28]} Rg1+ {[%emt 0:00:08]} 91. Kf5 {[%emt 0:00:24]} 1/2-1/2